Suomen kunnat, jotka päättyvät kirjaimeen Ö - Statistics

Yleistilastot
  • Tätä visaa on pelattu 84 kertaa
  • Keskiarvotulos 8 / 9
Vastaustilastot
Maakunta Kunta % Oikein
Ahvenanmaa Eckerö
94%
Lappi Enontekiö
92%
Ahvenanmaa Brändö
90%
Ahvenanmaa Föglö
88%
Pirkanmaa Hämeenkyrö
86%
Ahvenanmaa Vårdö
86%
Pohjanmaa Närpiö
84%
Etelä-Pohjanmaa Isokyrö
82%
Pirkanmaa Kihniö
78%
Ehtoja vastaavia visoja ei löytynyt
Tulosjakauma
Jokaisen tuloksen saaneiden osuus
Persentiili vastausten määrän mukaan
Tuloshistoriasi
Et ole pelannut tätä visaa